000 00624nam a2200229Ia 4500
003 OSt
005 20220918225552.0
006 a|||||r|||| 00| 0
007 ta
008 220917b |||||||| |||| 00| 0 eng d
024 _a242,922
037 _cTextual
040 _aARTS
_cARTS
_beng
041 _2eng
_aeng
082 _aNQ2,N, L4;1
100 _aKhandalavala Karl
_9150693
245 0 _aDevelopment of style in Indian painting
260 _aDelhi
_bMacMillan Company of India Ltd. Indian
_c1974
650 _aARTS
942 _hNQ2,N, L4;1
_cTEXL
_2CC
999 _c285081
_d285081